| 000 | 01008cam a2200253 a 4500 | ||
|---|---|---|---|
| 001 | 15527182 | ||
| 005 | 20090416112400.0 | ||
| 008 | 081119s2010 nyuab |rb 001 0 eng | ||
| 010 | _a 2008050215 | ||
| 020 | _a9780321697240 | ||
| 020 | _a0321697243 | ||
| 040 |
_aDLC _cDLC _dDLC |
||
| 050 | 0 | 0 |
_aJZ1242 _b.B68 2010 |
| 082 | 0 | 0 |
_a327 _222 _bBOV |
| 100 | 1 |
_aBova, Russell, _d1955- _913135 |
|
| 245 | 1 | 0 |
_aHow the World Works : _bA Brief Survey of International Relations / _cRussell Bova. |
| 260 |
_aNew York : _bLongman, 2010 _c2010. |
||
| 300 |
_axxi, 342 p. : _bill. (chiefly col.) col. maps ; _c24 cm. |
||
| 504 | _aIncludes bibliographical references and index. | ||
| 650 | 0 |
_aInternational relations _vTextbooks. _913136 |
|
| 942 |
_2ddc _cBB |
||
| 999 |
_c13787 _d13787 |
||